Chuukese Numbers - Statistics

General Stats
  • This quiz has been taken 76 times
    4 since last reset
  • The average score is 10 of 29
Answer Stats
Hint Answer % Correct
1 ew
100%
5 nimu
100%
2 ruu
100%
3 unungat
100%
4 ruanu
67%
10 engon
33%
11 engon me eu
33%
17 engon me fisuu
33%
15 engon me nimu
33%
14 engon me ruanu
33%
12 engon me ruu
33%
19 engon me tiiw
33%
13 engon me unungat
33%
18 engon me wanu
33%
16 engon me wonou
33%
7 fisuu
33%
20 rue
33%
9 tiiw
33%
80 wanik
33%
8 wanu
33%
6 wonou
33%
1000 eu ngorou
0%
40 faik
0%
70 fik
0%
30 inik
0%
100 ipwuku
0%
50 nime
0%
90 tiwe
0%
60 wone
0%
No matching quizzes found
Score Distribution
Percent of People with Each Score
Percentile by Number Answered
Your Score History
You have not taken this quiz since the last reset